Stratégia Európa 2020 s dôrazom na politiku vzdelávania bakalárska práca

Na minha lista:
Detalhes bibliográficos
Autor principal: Rigó, Orsolya
Autor Corporativo: Fakulta medzinárodných vzťahov EU. Katedra medzinárodných ekonomických vzťahov a hospodárskej diplomacie
Outros Autores: Harakaľová, Ľubica, 1963-
Formato: Livro
Idioma:eslovaco
Publicado em: Bratislava 2017
Tags: Adicionar Tag
Sem tags, seja o primeiro a adicionar uma tag!

MARC

LEADER 00000nbm a2200000 4500
001 0232116
005 20180221152619.4
041 0 |a slo 
044 |a SK 
245 1 0 |a Stratégia Európa 2020 s dôrazom na politiku vzdelávania  |b bakalárska práca  |c Orsolya Rigó ; školiteľ: Ľubica Harakaľová 
264 1 |a Bratislava  |c 2017 
300 |a 68 s. 
100 1 |a Rigó, Orsolya 
700 1 |a Harakaľová, Ľubica, 1963- 
710 2 |a Fakulta medzinárodných vzťahov EU. Katedra medzinárodných ekonomických vzťahov a hospodárskej diplomacie